| 000 | 01467nam a22003857a 4500 | ||
|---|---|---|---|
| 003 | CHAP | ||
| 005 | 20220329141549.0 | ||
| 008 | 971013s1966 r 00010 d | ||
| 010 | _a70213 | ||
| 011 | _a71185 | ||
| 035 | _a80739 | ||
| 040 | _cCHAP | ||
| 082 |
_a631.8 _bE3Y |
||
| 100 | 0 | 0 |
_aEde, Ronald. _935322 |
| 245 | _aSuelos y abonos para frutales | ||
| 260 |
_aZaragoza : _bAcribia, _c1966 |
||
| 300 |
_a164 p. _b: ilus. ; láms |
||
| 490 | _aManuales de técnica agropecuaria | ||
| 590 |
_aBATCH-UPD _b10 _c20130110 _lUCH01 _h1508 |
||
| 590 |
_aBATCH-UPD _b10 _c20130410 _lUCH01 _h0926 |
||
| 590 |
_aBATCH-UPD _b10 _c20130914 _lUCH01 _h1404 |
||
| 590 |
_aCONVERSION _b10 _c20130109 _lUCH01 _h1339 |
||
| 650 | 1 | 4 |
_aFertilizantes para árboles frutales. _940629 |
| 650 | 1 | 4 |
_aSuelos frutícolas. _9110550 |
| 830 | 0 |
_aManuales de técnica agropecuaria _970676 |
|
| 901 | _aBK | ||
| 942 | _cLIBRO | ||
| 949 |
_a631.8 E3Y _bBC _cLIBRO _d-141707 _eLIBRO _fc.2 _h30393 _i80739 _si _t70.00 |
||
| 949 |
_a631.8 E3Y _bBC _cLIBRO _d-141709 _eLIBRO _fc.3 _h36033 _i80739 _si _t70.00 |
||
| 949 |
_a631.8 E3Y _bBC _cLIBRO _d-141713 _eLIBRO _fc.4 _h36034 _i80739 _si _t70.00 |
||
| 949 |
_a631.8 E3Y _bBC _cLIBRO _d-141715 _eLIBRO _fc.5 _h36035 _i80739 _si _t70.00 |
||
| 949 |
_a631.8 E3Y _bBC _cLIBRO _d-141716 _eLIBRO _fc.6 _h36036 _i80739 _si _t70.00 |
||
| 949 |
_a631.8 E3Y _bBC _cLIBRO _d-141717 _eLIBRO _fc.7 _h36037 _i80739 _si _t70.00 |
||
| 949 |
_a631.8 E3Y _bBC _cLIBRO _d-33655 _eLIBRO _h17827 _i80739 _si _t70.00 |
||
| 999 |
_c70213 _d70213 |
||